[Event "Oberliga Nord N9899"]
[Site "GER"]
[Date "1999.??.??"]
[Round "?"]
[White "Csom, Istvan"]
[Black "Nurkiewicz, Maciej"]
[Result "1-0"]
[WhiteElo "2475"]
[BlackElo "2285"]

1.Nf3 Nf6 2.c4 g6 3.g3 Bg7 4.Bg2 O-O 5.d4 d6 6.Nc3 Nc6 7.O-O Bf5 8.b3 e5
9.d5 Nd4 10.Ne1 Bg4 11.h3 Bd7 12.Bb2 c5 13.dxc6 Bxc6 14.e3 Nf5 15.e4 Nd4
16.Nc2 Qb6 17.Qd2 Nxc2 18.Qxc2 Nh5 19.Qd3 Rad8 20.Rad1 f5 21.exf5 Rxf5 22.Nd5 Bxd5
23.Qxd5+ Kh8 24.c5 Qa5 25.cxd6 Qxd5 26.Rxd5  1-0

[Event "Oberliga Ost A9899"]
[Site "GER"]
[Date "1999.??.??"]
[Round "?"]
[White "Liebert, Heinz"]
[Black "Krueger, Rainer"]
[Result "1/2-1/2"]
[WhiteElo "2360"]
[BlackElo "2250"]

1.c4 Nf6 2.Nf3 g6 3.g3 Bg7 4.Bg2 O-O 5.O-O d6 6.d4 Nbd7 7.Nc3 c6 8.Qc2 e5
9.b3 Re8 10.Rd1 Qa5 11.dxe5 dxe5 12.e4 a6 13.a3 b5 14.b4 Qc7 15.Bb2 Nb6 16.Nd2 Bg4
17.f3 Be6 18.c5 Nc4 19.Nxc4 Bxc4 20.Na4 Be6 21.Nb6 Rad8 22.Rxd8 Rxd8 23.Rd1 Rxd1+
24.Qxd1 Nd7  1/2-1/2

[Event "Oberliga Ost B9899"]
[Site "GER"]
[Date "1999.??.??"]
[Round "?"]
[White "Holfelder, Hans Joachim"]
[Black "Roeschlau, Bernd"]
[Result "1/2-1/2"]
[WhiteElo "2205"]
[BlackElo "2290"]

1.Nf3 Nf6 2.c4 g6 3.g3 Bg7 4.Bg2 O-O 5.O-O d5 6.cxd5 Nxd5 7.d4 Nc6 8.e4 Nb6
9.d5 Na5 10.Nc3 c6 11.Nd4 cxd5 12.exd5 e5 13.Nde2 Bg4 14.h3 Bxe2 15.Qxe2 Rc8
16.Rd1 f5 17.Qb5 Nac4 18.d6 e4 19.Qb3 Kh8 20.a4 a5 21.Nb5 Qf6 22.Rb1 Rc6
23.Bf1 g5 24.Na7 Rxd6 25.Rxd6 Qxd6 26.Bxc4 Nxc4 27.Qxc4 Bd4 28.Bf4 gxf4 29.Nb5 Bxf2+
30.Kxf2 fxg3+ 31.Kg1 Qb6+ 32.Qd4+ Qxd4+ 33.Nxd4 f4 34.Ne2 g2 35.Nc3 e3 36.Kxg2 f3+
37.Kf1 Rd8 38.Ke1 Rg8 39.Kf1 Rg2 40.Re1 e2+ 41.Nxe2 Rxe2 42.Rxe2 fxe2+ 43.Kxe2 Kg7
44.Kf3 Kf7 45.Kg4 Kg6 46.h4 h5+ 47.Kf4 Kf6 48.Ke4 Ke6  1/2-1/2

[Event "NRW-Liga II 9899"]
[Site "GER"]
[Date "1999.??.??"]
[Round "6"]
[White "Odendahl, Reiner"]
[Black "Wisskirchen, Andreas"]
[Result "1-0"]
[WhiteElo "2320"]
[BlackElo "2285"]

1.Nf3 Nf6 2.c4 g6 3.g3 Bg7 4.Bg2 O-O 5.O-O d6 6.d4 c6 7.Nc3 Nbd7 8.e4 e5
9.h3 a6 10.Be3 b5 11.c5 b4 12.Na4 Nxe4 13.cxd6 Nxd6 14.Nxe5 Nb8 15.Re1 Nf5
16.Bd2 a5 17.Nxc6 Nxc6 18.Bxc6 Ra6 19.Bg2 Qxd4 20.Bf4 Bd7 21.Nc5 Qxc5 22.Rc1 Qa7
23.Rc7 Qd4 24.Rxd7 Qxd1 25.Rexd1 Bxb2 26.g4 Ng7 27.Bb7 Rb6 28.Bd5 Ne6 29.Bd6 Rc8
30.Kg2 a4 31.Re1 Re8 32.Re4 b3 33.axb3 axb3 34.Re3 Bd4 35.Rxb3 Rxb3 36.Bxb3 Bg7
37.Bd5 Bf8 38.Bg3 Bh6 39.f4 Rc8 40.f5 gxf5 41.gxf5 Nf4+ 42.Bxf4 Bxf4 43.Kf3 Bh6
44.Bxf7+ Kh8 45.Kg4 Bc1 46.f6 Bb2 47.Kf5 Rc5+ 48.Bd5 Rc8 49.Rb7 Bc3 50.Rb3 Bd4
51.Rb4 Bc3 52.Rg4 Rf8 53.f7 Bg7 54.Ke6 Rd8 55.Ke7 Rb8 56.Bc6 Rc8 57.Bd7 Rb8
58.h4 Ra8 59.h5 Rb8 60.Rg2 Ra8 61.Bc6 Rb8 62.Bd5 h6 63.Kd7 Rf8 64.Rg6 Kh7
65.Rb6 Bd4 66.Be4+ Kg7 67.Rg6+ Kh8 68.Rxh6+ Kg7 69.Rg6+ Kh8 70.Ke7 Bc5+ 71.Ke6 Be3
72.h6 Bd4 73.Rg3 Bf2 74.Rg7  1-0

[Event "DDMM (Women)"]
[Site "Germany"]
[Date "1999.??.??"]
[Round "4.3"]
[White "Niessen, Helga"]
[Black "Ludwig, Kristin"]
[Result "1/2-1/2"]
[WhiteElo "2145"]
[BlackElo "2045"]

1.Nf3 Nf6 2.g3 g6 3.Bg2 Bg7 4.c4 O-O 5.Nc3 d6 6.O-O e5 7.d3 Re8 8.Nd2 Nc6
9.Rb1 Ne7 10.b4 c6 11.Ba3 Be6 12.b5 d5 13.Na4 cxb5 14.Rxb5 b6 15.Nc3 a6 16.Rb1 Ra7
17.Nf3 Qc7 18.Nxd5 Nexd5 19.cxd5 Bxd5 20.Qd2 b5 21.Rfc1 Qd7 22.Bc5 Rc7 23.Qa5 e4
24.Ng5 exd3 25.Bh3 Ng4 26.Qb4 f5 27.exd3 h6 28.Bxg4 hxg5 29.Bd1 Bxa2 30.Bb3+ Bxb3
31.Qxb3+ Qf7 32.Qa3 Rc6 33.Be3 Rec8 34.Rxc6 Rxc6 35.Bxg5 Bf8 36.Qa5 Qd5 37.Rd1 Qf3
38.Qd2 Bb4 39.Qa2+ Kf8 40.Qb1 Bc5 41.Bh6+ Ke8 42.d4 Be7 43.Re1 Qd5 44.Qd3 Re6
45.Rxe6  1/2-1/2

[Event "Helsinki We I HSK"]
[Site "Helsinki"]
[Date "1999.??.??"]
[Round "3"]
[White "Haapasalo, Jukka Pekka"]
[Black "Hautala, Roman"]
[Result "1/2-1/2"]
[WhiteElo "2249"]
[BlackElo "2201"]

1.c4 Nf6 2.Nf3 g6 3.g3 Bg7 4.Bg2 O-O 5.O-O d6 6.d4 Nc6 7.Nc3 a6 8.d5 Na5
9.Nd2 c5 10.Qc2 Rb8 11.b3 b5 12.Bb2 bxc4 13.bxc4 Bh6 14.f4 e5 15.dxe6  1/2-1/2

[Event "Helsinki We I HSK"]
[Site "Helsinki"]
[Date "1999.??.??"]
[Round "5"]
[White "Parkkinen, Jyrki"]
[Black "Hautala, Roman"]
[Result "1-0"]
[WhiteElo "2146"]
[BlackElo "2201"]

1.Nf3 Nf6 2.c4 g6 3.g3 Bg7 4.Bg2 O-O 5.O-O d6 6.d4 Nc6 7.Nc3 a6 8.b3 Rb8
9.Bb2 b5 10.cxb5 axb5 11.Ne1 Bd7 12.Rc1 b4 13.Na4 Na5 14.Nd3 Bxa4 15.bxa4 d5
16.Ne5 Ne4 17.Bxe4 dxe4 18.Rc5 c6 19.Qc2 f5 20.Nxc6 Nxc6 21.Rxc6 Qd5 22.Qb3 Rfd8
23.e3 e5 24.Rd1 g5 25.dxe5 Qxb3 26.Rxd8+ Rxd8 27.axb3 Rd3 28.Rc8+ Kf7 29.e6+ Kxe6
30.Bxg7 Rxb3 31.Rb8 f4 32.gxf4 gxf4 33.exf4 Kf5 34.Be5 Kg4 35.Kg2 Rb1 36.a5 e3
37.fxe3 Re1 38.h3+ Kf5 39.Rxb4  1-0

[Event "HUN-chT29899"]
[Site "HUN"]
[Date "1999.??.??"]
[Round "?"]
[White "Huszar, Attila"]
[Black "Binder, Tamas"]
[Result "0-1"]
[WhiteElo "2185"]
[BlackElo "2220"]

1.Nf3 Nf6 2.c4 g6 3.g3 Bg7 4.Bg2 O-O 5.O-O d6 6.Nc3 e5 7.d4 Nbd7 8.dxe5 dxe5
9.Qc2 c6 10.Rd1 Qe7 11.e4 Nb6 12.b3 Bg4 13.Be3 Rad8 14.Rd2 Rxd2 15.Nxd2 Rd8
16.c5 Na8 17.b4 Nc7 18.f3 Be6 19.Bf1 a6 20.Nc4 Nfe8 21.a4 f5 22.Rd1 Rxd1
23.Qxd1 f4 24.Bf2 fxg3 25.Bxg3 Bxc4 26.Bxc4+ Kf8 27.Ba2 Ne6 28.Qb3 N8c7 29.b5 axb5
30.axb5 cxb5 31.Nd5 Qxc5+ 32.Bf2 Qc1+ 33.Kg2 Nxd5 34.exd5 Nf4+ 35.Kg3 Qf1
36.Qa3+ Kf7  0-1

[Event "HUN-chT29899"]
[Site "HUN"]
[Date "1999.??.??"]
[Round "?"]
[White "Vadasz, Laszlo"]
[Black "Horvath, Andras"]
[Result "0-1"]
[WhiteElo "2380"]
[BlackElo "2250"]

1.Nf3 Nf6 2.c4 g6 3.g3 Bg7 4.Bg2 O-O 5.O-O c5 6.Nc3 Nc6 7.d4 d6 8.dxc5 dxc5
9.Be3 Qa5 10.Qb3 Bf5 11.Qxb7 Rfc8 12.Qb5 Rab8 13.Qxc5 Rxb2 14.Rac1 Qa6 15.a4 Rb4
16.Nd5 Rxa4 17.Nxe7+ Nxe7 18.Qxe7 Re8 19.Qc5 Ne4 20.Qc7 Rc8 21.Qf4 Nc3 22.Rxc3 Bxc3
23.Ne5 Qd6 24.Nd3 Qxf4 25.Nxf4 Rcxc4 26.Nd5 Kg7 27.Nxc3 Rxc3 28.Rd1 Rc7 29.Bd4+ f6
30.h3 h5 31.e3 Rac4 32.Kh2 Be6 33.Ra1 Rc2 34.Ra6 Kf7 35.e4 Ra2  0-1

[Event "HUN-chT9899"]
[Site "HUN"]
[Date "1999.??.??"]
[Round "?"]
[White "Kustar, Sandor"]
[Black "Sinkovics, Peter"]
[Result "1-0"]
[WhiteElo "2390"]
[BlackElo "2370"]

1.Nf3 Nf6 2.c4 g6 3.g3 Bg7 4.Bg2 O-O 5.d4 d6 6.O-O Nc6 7.Nc3 e5 8.d5 Ne7
9.c5 Nd7 10.cxd6 cxd6 11.e4 b6 12.Re1 Ba6 13.b4 Rc8 14.Bb2 Rc7 15.a4 Qb8
16.b5 Bc8 17.Bf1 Nc5 18.Na2 f5 19.exf5 Nxf5 20.Nb4 e4 21.Bxg7 Rxg7 22.Ng5 Re8
23.Nc6 Qc7 24.Qf3 e3 25.fxe3 h6 26.e4 hxg5 27.exf5 Rf8 28.f6 g4 29.Qc3 Rgf7
30.Re7 Bd7 31.Qe3 Rxf6 32.Qh6 R8f7 33.Rae1 Nxa4 34.Rxf7 Rxf7 35.Qxg6+ Rg7
36.Ne7+  1-0

[Event "HUN-chT29899"]
[Site "HUN"]
[Date "1999.??.??"]
[Round "?"]
[White "Rigan, Jozsef"]
[Black "Hetenyi, Geza"]
[Result "0-1"]
[WhiteElo "2200"]
[BlackElo "2235"]

1.c4 Nf6 2.Nf3 g6 3.g3 Bg7 4.Bg2 O-O 5.O-O d6 6.d4 Nbd7 7.Qc2 c5 8.Rd1 a6
9.h3 Rb8 10.e4 Qc7 11.e5 dxe5 12.dxe5 Ne8 13.e6 fxe6 14.Nc3 Ne5 15.Ng5 Nc6
16.Be3 Nd4 17.Qd3 Nd6 18.f4 Bd7 19.Rac1 Rbd8 20.Kh2 Bc8 21.Bxd4 cxd4 22.Na4 Nf5
23.c5 h6 24.Nf3 g5 25.Re1 gxf4 26.g4 Ne3 27.Nb6 e5 28.Nxc8 Rxc8 29.Bh1 e6
30.Rg1 Kh8 31.Qe4 Nd5 32.a3 Nf6 33.Qe1 e4 34.Nxd4 f3+ 35.Rg3 Nxg4+ 36.hxg4 Bxd4
37.Kh3 Qf4 38.Rc4 e5 39.Rxd4 exd4 40.Qb4 Qf6 41.Qc4 b6 42.b4 bxc5 43.bxc5 Qe5
44.c6 Rf6 45.g5 hxg5  0-1

[Event "HUN-chT29899"]
[Site "HUN"]
[Date "1999.??.??"]
[Round "?"]
[White "Farago, Sandor"]
[Black "Bognar, Csaba"]
[Result "1/2-1/2"]
[WhiteElo "2285"]
[BlackElo "2150"]

1.c4 Nf6 2.Nf3 g6 3.g3 Bg7 4.Bg2 O-O 5.d4 d6 6.Nc3 Nbd7 7.O-O e5 8.e4 c6
9.h3 h6 10.d5 c5 11.Ne1 Nb6 12.Qe2 Nh5 13.a4 a5 14.Nd3 f5 15.exf5 Bxf5 16.Ne1 Nf6
17.g4 Bd7 18.Nb5 Qe7 19.f4 Nh7 20.Nf3 Bxb5 21.axb5 Nd7 22.Kh1 b6 23.Ra3 Rae8
24.fxe5 Nxe5 25.Nxe5 Rxf1+ 26.Qxf1 Bxe5 27.Bxh6 Qh4 28.Bf4 Bxb2 29.Re3 Rxe3
30.Bxe3 Be5 31.Qb1 Kg7 32.Qc1 Qg3 33.Kg1 Nf6 34.Bf2 Qd3 35.Bf1 Qf3 36.Bg2 Qd3  1/2-1/2

[Event "Klatovy op-A"]
[Site "Klatovy"]
[Date "1999.??.??"]
[Round "2"]
[White "Jirovsky, Milos"]
[Black "Vehreschild, Axel"]
[Result "1-0"]
[WhiteElo "2455"]
[BlackElo "2111"]

1.Nf3 Nf6 2.c4 g6 3.g3 Bg7 4.Bg2 O-O 5.O-O c5 6.d4 cxd4 7.Nxd4 Nc6 8.Nc3 Nxd4
9.Qxd4 d6 10.Qd3 Qa5 11.Nb5 Be6 12.Bd2 Qd8 13.Nd4 Qd7 14.Nxe6 Qxe6 15.Rac1 Rab8
16.b3 Rfc8 17.Qe3 Qxe3 18.Bxe3 b6 19.Rfd1 Ng4 20.Bd2 Rc7 21.Bh3 Ne5 22.f4 Nd7
23.Kf2 f5 24.Bg2 Nf6 25.Bf3 Rbc8 26.h3 h5 27.a4 Kf7 28.Bc3 Rc5 29.Bd4 R5c7
30.e3 Rd8 31.Ke2 Nd7 32.Bd5+ e6 33.Bf3 Nc5 34.Rb1 e5 35.Bd5+ Kf8 36.Bxc5 dxc5
37.Kf3 e4+ 38.Kf2 Bf6 39.g4 hxg4 40.hxg4 g5 41.fxg5 Bxg5 42.gxf5 Kg7 43.Rg1 Kf6
44.Bxe4 Rh7 45.Rbd1 Rh2+ 46.Kg3 Rxd1 47.Rxd1 Re2 48.Rd6+ Ke7 49.Re6+ Kf8
50.Kg4 Bxe3 51.Bd5 Re1 52.f6 Bd2 53.Rc6 Re8 54.Rc7 Bc3 55.Rf7+ Kg8 56.Rxa7+ Kh8
57.Kf5 Rf8 58.Bf7 Rc8 59.Kg6 Rf8 60.Rd7 Bd4 61.Rd5  1-0

[Event "EU-ch02 blind "]
[Site "Krynica"]
[Date "1999.??.??"]
[Round "1"]
[White "Smirnov, Sergei"]
[Black "Holestak, Jan"]
[Result "1-0"]
[WhiteElo "2205"]
[BlackElo "1930"]

1.Nf3 Nf6 2.c4 g6 3.g3 Bg7 4.Bg2 O-O 5.d4 d6 6.Nc3 Nc6 7.O-O e5 8.d5 Ne7
9.e4 Nd7 10.b4 a5 11.bxa5 Rxa5 12.a4 f5 13.Ba3 Nf6 14.Bb4 Ra6 15.c5 Nxe4
16.Nxe4 fxe4 17.Ng5 Nf5 18.Nxe4 Nd4 19.cxd6 cxd6 20.Bc3 Bf5 21.Re1 Bxe4 22.Rxe4 Qd7
23.f4 Rfa8 24.a5 Nb5 25.Qa4 Qe8 26.Bd2 Nd4 27.Qxe8+ Rxe8 28.Rb1 Rb8 29.Kf2 h5
30.Bh3 Ra7 31.Bb4 exf4 32.Bxd6 fxg3+ 33.Bxg3 Rf8+ 34.Kg2 Rxa5 35.d6 Ra2+
36.Kh1 Nf5 37.Bxf5 gxf5 38.Re7 f4 39.Bh4 f3 40.Rg1  1-0

[Event "EU-ch02 blind "]
[Site "Krynica"]
[Date "1999.??.??"]
[Round "2"]
[White "Zoltek, Tadeusz"]
[Black "Rev, Miklos"]
[Result "1-0"]
[WhiteElo "2290"]
[BlackElo "2005"]

1.Nf3 Nf6 2.c4 g6 3.g3 Bg7 4.Bg2 O-O 5.O-O d6 6.Nc3 e5 7.d3 Nc6 8.Rb1 a5
9.a3 Nd4 10.Nxd4 exd4 11.Nb5 Ng4 12.a4 c6 13.Na3 Be6 14.Nc2 d5 15.b3 c5 16.Na3 Qd7
17.Nb5 Rac8 18.Bf4 Be5 19.Qd2 f6 20.Bxe5 fxe5 21.Qxa5 Rf7 22.Bf3 h5 23.Qd2 Kg7  1-0

[Event "EU-ch02 blind "]
[Site "Krynica"]
[Date "1999.??.??"]
[Round "8"]
[White "Smirnov, Sergei"]
[Black "Krylov, Sergey"]
[Result "0-1"]
[WhiteElo "2205"]
[BlackElo "2340"]

1.Nf3 Nf6 2.c4 g6 3.g3 Bg7 4.Bg2 O-O 5.d4 d6 6.Nc3 Nbd7 7.O-O e5 8.e4 exd4
9.Nxd4 Re8 10.h3 a6 11.Be3 Nc5 12.Qc2 Bd7 13.Rad1 Qc8 14.b4 Ne6 15.Nde2 Rb8
16.Kh2 b5 17.c5 Bc6 18.cxd6 cxd6 19.Rxd6 Nd7 20.f4 Bf8 21.Rdd1 Bxb4 22.f5 Nec5
23.fxg6 hxg6 24.Bf3 Nxe4 25.Nxe4 Bxe4 26.Bxe4 Qxc2 27.Bxc2 Rxe3 28.Nf4 Ra3
29.Rxd7 Rxa2 30.Rc7 Bd6 31.Rc6 Bxf4 32.gxf4 b4 33.Kg3 a5 34.f5 gxf5 35.Bxf5 a4
36.Rg1 Kf8 37.Rc7 b3  0-1

[Event "La Bordeta op"]
[Site "La Bordeta"]
[Date "1999.??.??"]
[Round "9"]
[White "Hernando Rodrigo, Julio Ant"]
[Black "Vidarte Morales, Arturo"]
[Result "1/2-1/2"]
[WhiteElo "2265"]
[BlackElo "2420"]

1.c4 Nf6 2.Nf3 g6 3.g3 Bg7 4.Bg2 O-O 5.O-O d5 6.d3 c5 7.cxd5 Nxd5 8.Nc3 Nc6
9.Nxd5 Qxd5 10.Be3 Qd6 11.Nd2 b6 12.Rc1 Bb7 13.Ne4 Qd7 14.Qd2 f5 15.Nc3 e5
16.Bh6 Rad8 17.Bg5 Rc8 18.Nd5 Kh8 19.f4 Rce8 20.fxe5 Rxe5 21.e4 Nd4 22.Bf4 Ree8
23.Rfe1 Ne6 24.Be3 Bxd5 25.exd5 Nc7 26.b4 Nxd5 27.Bxd5 Qxd5 28.bxc5 Rxe3
29.Rxe3 Bd4 30.Kf1 bxc5 31.Re7 f4 32.gxf4 Qf3+ 33.Ke1 Bf6 34.Qe2 Qxf4 35.Rc4 Qb8
36.Re6 Qb1+ 37.Kf2 Bd4+ 38.Kg3 Qg1+ 39.Kh3 Qg5 40.Re8 Qf5+ 41.Kg2 Qd5+ 42.Qe4 Qg5+
43.Kh3 Qh5+ 44.Kg2 Qg5+  1/2-1/2

[Event "La Coruna op 10th"]
[Site "La Coruna"]
[Date "1999.??.??"]
[Round "3"]
[White "Suba, Mihai"]
[Black "Blasco, Miguel"]
[Result "1-0"]
[WhiteElo "2505"]
[BlackElo "2220"]

1.Nf3 Nf6 2.c4 g6 3.g3 Bg7 4.Bg2 O-O 5.O-O d6 6.Nc3 e5 7.d4 Nc6 8.d5 Ne7
9.e4 Ne8 10.Ne1 f5 11.Nd3 h6 12.f4 fxe4 13.Nxe4 Nf5 14.fxe5 dxe5 15.Bd2 Ned6
16.c5 Nb5 17.Bc3 Nbd4 18.Qd2 h5 19.Qg5 Qe8 20.Bxd4 Bh6 21.Nf6+ Rxf6 22.Qxf6 Bg7
23.Qg5 Bh6 24.Rxf5 Bxg5 25.Rxg5 exd4 26.Re1 Qb5 27.Rxg6+ Kh8 28.Re5 Bg4 29.Be4 Re8
30.Reg5  1-0

[Event "Mancha Real-B 2nd"]
[Site "Mancha Real"]
[Date "1999.??.??"]
[Round "3"]
[White "Castilla Ayllon, Juan"]
[Black "Del Rey, Diego"]
[Result "0-1"]
[WhiteElo "2010"]
[BlackElo "2365"]

1.c4 g6 2.g3 Bg7 3.Bg2 Nf6 4.Nf3 O-O 5.O-O d6 6.d3 e5 7.Nc3 h6 8.Bd2 Re8
9.Qc1 Kh7 10.Re1 a5 11.a3 c6 12.b4 axb4 13.axb4 d5 14.cxd5 cxd5 15.d4 e4
16.Ne5 Be6 17.e3 Nbd7 18.Nxd7 Qxd7 19.Rd1 Bh3 20.Qb2 Bxg2 21.Kxg2 h5 22.h4 Qf5
23.Rxa8 Rxa8 24.Ra1 Rc8 25.Ra5 Bh6 26.Qc1 g5 27.hxg5 Bxg5 28.Qd1 h4 29.f4 exf3+
30.Qxf3 h3+ 31.Kf2 Qd3 32.Rxd5 Qxd2+ 33.Ne2 Qxe3+  0-1

[Event "Fide Mercenarios 39th"]
[Site "Mexico"]
[Date "1999.??.??"]
[Round "1"]
[White "Capistran, Javier"]
[Black "Lopez Michelone, Manuel"]
[Result "1-0"]
[WhiteElo "2195"]
[BlackElo "2150"]

1.c4 Nf6 2.Nf3 g6 3.g3 Bg7 4.Bg2 O-O 5.O-O d6 6.d4 c6 7.Nc3 Nbd7 8.h3 e5
9.dxe5 dxe5 10.Qc2 Qc7 11.Be3 Re8 12.Rad1 Nf8 13.Bc5 e4 14.Bd6 Qb6 15.c5 Qa6
16.Ng5 e3 17.Rd4 Qa5 18.Rfd1 exf2+ 19.Kh2 Ne6 20.Ra4 Qd8 21.Nge4 Bd7 22.Nxf2 Bf8
23.Bxf8 Kxf8 24.Nfe4 Nxe4 25.Nxe4 Rc8 26.Qd2  1-0

[Event "Mondariz-B"]
[Site "Mondariz"]
[Date "1999.??.??"]
[Round "3"]
[White "Miguel, Victor"]
[Black "Moreno Ruiz, Javier"]
[Result "1/2-1/2"]
[WhiteElo "2340"]
[BlackElo "2390"]

1.Nf3 Nf6 2.g3 g6 3.Bg2 Bg7 4.c4 O-O 5.O-O d6 6.Nc3 e5 7.d4 Nbd7 8.e4 a6
9.h3 b5 10.Re1 bxc4 11.dxe5 Nxe5 12.Nxe5 dxe5 13.Qa4 Be6 14.Kh2 Nd7 15.Rd1 Qe7
16.Nd5 Bxd5 17.exd5 Nb6 18.Qa5 Rab8 19.Be3 Nc8 20.Qxa6 Nd6 21.Bc5 Rxb2 22.Rac1 f5
23.Rxc4 f4 24.Rb4 Rc2 25.Rc4 Rb2 26.Rb4 Rxb4 27.Bxb4 e4 28.gxf4 Qf6 29.Bd2 Bh6
30.Kg1 Bxf4 31.Bxf4 Qxf4 32.Qe2 Re8 33.Rd4 Qe5 34.Rd1 Qc3 35.Re1 Nf5 36.Rb1 e3
37.fxe3 Rxe3 38.Qf2 Qe5 39.Rf1 Re2 40.Qf4 Qxf4 41.Rxf4 Rxa2 42.h4 Kg7 43.h5 Kf6
44.hxg6 hxg6 45.Re4 Rc2 46.Re6+ Kg5 47.Be4 Rc1+ 48.Kf2 Kf4 49.d6 cxd6 50.Bxf5 gxf5
51.Rxd6 Rc2+ 52.Kg1 Ke3 53.Ra6 Rc3 54.Kg2 Rc2+ 55.Kg1 Re2 56.Ra3+ Kf4 57.Ra5 Re5
58.Rxe5 Kxe5 59.Kf1 Kd5 60.Ke1  1/2-1/2

[Event "RUS-ch sf"]
[Site "Novosibirsk"]
[Date "1999.??.??"]
[Round "3"]
[White "Fominyh, Evgeny"]
[Black "Nevostrujev, Vladimir"]
[Result "0-1"]
[WhiteElo "2290"]
[BlackElo "2466"]

1.Nf3 Nf6 2.c4 g6 3.g3 Bg7 4.Bg2 O-O 5.O-O d6 6.d4 Nbd7 7.Nc3 e5 8.b3 Re8
9.Qc2 exd4 10.Nxd4 Nc5 11.Ba3 c6 12.Rad1 Qb6 13.b4 Ne6 14.Nxe6 Bxe6 15.Rxd6 Qa6
16.Bb2 Qxc4 17.a3 Nd5 18.Rc1 Nxc3 19.Bxc3 Bf5 20.e4 Bxe4 21.Bxe4 Rxe4 22.Bxg7 Re1+
23.Rxe1 Qxc2 24.Bf6 h6 25.h4 b6 26.g4 a5 27.bxa5 Qa4 28.Rd4 Qxa5 29.Red1 g5
30.h5 Kh7 31.Kg2 Qxa3 32.Rd8 c5 33.f3 Qa2+ 34.R1d2 Qe6 35.R8d6 Ra2 36.Ba1 c4  0-1

[Event "RUS-ch sf"]
[Site "Novosibirsk"]
[Date "1999.??.??"]
[Round "4"]
[White "Gladkikh, Ivan"]
[Black "Likov, Vasili"]
[Result "1-0"]
[WhiteElo "2335"]
[BlackElo "2238"]

1.Nf3 Nf6 2.c4 g6 3.g3 Bg7 4.Bg2 O-O 5.O-O d6 6.Nc3 e5 7.d4 Nbd7 8.h3 c6
9.e4 exd4 10.Nxd4 Nc5 11.Re1 a5 12.Bg5 a4 13.Qd2 Qb6 14.Rad1 Re8 15.Bf4 Bf8
16.Nc2 Be6 17.Ne3 Rad8 18.Bg5 Bg7 19.Bf4 Bc8 20.Qc2 Re6 21.Nf1 Qb4 22.Nd2 a3
23.bxa3 Qxa3 24.Nb3 Nh5 25.Be3 Na6 26.Nd4 Nb4 27.Qd2 Ree8 28.Rb1 c5 29.Ndb5 Qa5
30.a3 Nc6 31.Nd5 Qxd2 32.Bxd2 Ne5 33.Ba5 Nxc4 34.Bxd8 Rxd8 35.Red1 Kf8 36.Bf1 Ne5
37.Nb6 Nf3+ 38.Kg2 Nd4 39.Nxc8 Rxc8 40.Nxd6 Rc6 41.Nxb7 Ke7 42.Bc4 Nf6 43.a4 Nd7
44.a5 Rc8 45.f4 Nc2 46.Rd3 Bd4 47.Kf3 Nb8 48.e5 Nc6 49.Nd6 Rc7 50.Nb5 Rc8
51.a6 Ra8 52.Nc7 Ra7 53.Nd5+ Kf8 54.Ke4 Na5 55.Rb8+ Kg7 56.Bb5 Bg1 57.Rd1 Bd4
58.Rd3 Bg1 59.Nf6 Nd4 60.g4 Ne6 61.Rg8+ Kh6 62.g5+ Nxg5+ 63.fxg5+ Kxg5 64.Rg3+ Kh4
65.Rxg1 c4 66.Rc8 h5 67.Rd1  1-0

[Event "Recklinghausen op"]
[Site "Recklinghausen"]
[Date "1999.??.??"]
[Round "3"]
[White "Eingorn, Vereslav S"]
[Black "Visser, Yge"]
[Result "1-0"]
[WhiteElo "2585"]
[BlackElo "2375"]

1.Nf3 Nf6 2.c4 g6 3.g3 Bg7 4.Bg2 O-O 5.d4 d6 6.Nc3 Nbd7 7.d5 Nc5 8.Nd4 a5
9.O-O Bd7 10.h3 Re8 11.Be3 c6 12.b3 cxd5 13.cxd5 Qc8 14.Kh2 a4 15.Rc1 axb3
16.axb3 Qb8 17.b4 Na4 18.Ncb5 Rc8 19.Qb3 Ne8 20.Na3 Rxc1 21.Rxc1 Qd8 22.Ndb5 h5
23.Bf3 Be5 24.Kg2 Ng7 25.Nd4 Rc8 26.Nc6 bxc6 27.dxc6 Nf5 28.Qxa4 Nxe3+ 29.fxe3 d5
30.b5 Bf5 31.Rd1 e6 32.Nc4 Bc7 33.b6 Bxb6 34.e4 Bc7 35.exd5 exd5 36.Ne3 Qg5
37.Nxf5 gxf5 38.Qh4 Qxh4 39.gxh4 Rd8 40.Bxh5 Rd6 41.Rc1 Kg7 42.Bf3 Kf6 43.Kf2 Ke5
44.h5 f4 45.Ke1 f5 46.Kf1 Kd4 47.Kg2 Ke5 48.Kh2 Kd4 49.Rd1+ Kc5 50.h6 Rxh6
51.Rxd5+ Kxc6 52.Rxf5+ Kd6 53.Kg2 Ke6 54.Bg4 Ke7 55.Rc5 Bd6 56.Rc6 Rh8 57.Kf3 Ra8
58.h4 Ra3+ 59.Kf2 Rg3 60.Bf3 Be5 61.Ke1 Rg1+ 62.Kd2 Ra1 63.h5 Ra2+ 64.Kd3 Ra4
65.Rc5 Rd4+ 66.Kc2 Kd6 67.Rc8 Kd7 68.Bg4+ Ke7 69.h6 Rd8 70.Rc6 Rd6 71.Rc7+ Kf6
72.h7 Kg5 73.Bf3 Rd8 74.Rc6 Kf5 75.Bh5 Kg5 76.Bf7 Bf6 77.Bc4 Bg7 78.Bd3 Bf6
79.Rc5+ Kh6 80.Rf5 Rc8+ 81.Kb3 Bg5 82.Rf7 Rd8 83.Kc4 Kh5 84.Rg7 Rh8 85.Rg8 Bf6
86.Kd5 Kh6 87.Rg6+  1-0

[Event "Recklinghausen op"]
[Site "Recklinghausen"]
[Date "1999.??.??"]
[Round "5"]
[White "Trzaska, Peter"]
[Black "Visser, Yge"]
[Result "1/2-1/2"]
[WhiteElo "2195"]
[BlackElo "2375"]

1.Nf3 Nf6 2.c4 g6 3.g3 Bg7 4.Bg2 O-O 5.O-O d6 6.Nc3 e5 7.d3 h6 8.Rb1 Re8
9.e4 Nbd7 10.b4 Nf8 11.h3 N6h7 12.d4 Ne6 13.d5 Neg5 14.h4 Nxf3+ 15.Qxf3 f5
16.h5 Ng5 17.Bxg5 hxg5 18.hxg6 g4 19.Qe3 f4 20.gxf4 Bh6 21.Qd3 exf4 22.e5 Rxe5
23.Rfe1 Bg7 24.Rxe5 Bxe5 25.Re1 Qf6 26.Nb5 f3 27.Nxc7 Bf5 28.Qd2 Rc8 29.Ne6 Bxe6
30.dxe6 fxg2 31.Qd5 Qf4 32.e7+ Kg7 33.Rxe5 Qxe5 34.Qf7+ Kh6 35.Qf8+ Kxg6
36.Qxc8 Qe1+ 37.Kxg2 Qe4+ 38.Kg1  1/2-1/2

[Event "PUR-ch"]
[Site "San Juan"]
[Date "1999.??.??"]
[Round "?"]
[White "Ovalle, R."]
[Black "Carrillo, Jose"]
[Result "1-0"]
[WhiteElo "2150"]
[BlackElo "1950"]

1.Nf3 Nf6 2.c4 g6 3.g3 Bg7 4.Bg2 O-O 5.O-O c5 6.Nc3 Nc6 7.d3 d6 8.Bd2 Bd7
9.Rb1 Qc8 10.Re1 Re8 11.a3 a6 12.b4 b6 13.bxc5 bxc5 14.Na4 Rb8 15.Nb6 Qc7
16.Nxd7 Nxd7 17.Qa4 Rb6 18.Ng5 Reb8 19.Rxb6 Rxb6 20.Ne4 Ndb8 21.Bc3 Qb7 22.Bxg7 Kxg7
23.Qc2 Nd4 24.Qc3 Rb3 25.Qa1 d5 26.Nxc5 Qb6 27.Qxd4+  1-0

[Event "PUR-ch"]
[Site "San Juan"]
[Date "1999.??.??"]
[Round "?"]
[White "Montalvo, Alejandro"]
[Black "Santa, Luis A"]
[Result "1/2-1/2"]
[WhiteElo "2370"]
[BlackElo "2295"]

1.Nf3 Nf6 2.c4 g6 3.g3 Bg7 4.Bg2 O-O 5.O-O c5 6.Nc3 Nc6 7.e4 d6 8.h3 Nd7
9.d3 Nde5 10.Ne1 Nd4 11.Rb1 Nec6 12.Be3 Bd7 13.Nc2 Nxc2 14.Qxc2 Nd4 15.Qd2 Bxh3
16.Bxd4 cxd4 17.Bxh3 dxc3 18.bxc3 Qc7  1/2-1/2

[Event "Paulisto-ch"]
[Site "Sao Caetano"]
[Date "1999.??.??"]
[Round "3"]
[White "Valle, Adriano"]
[Black "Rocha, Wellington Carlos"]
[Result "0-1"]
[WhiteElo "2215"]
[BlackElo "2324"]

1.Nf3 Nf6 2.c4 g6 3.g3 Bg7 4.Bg2 O-O 5.Nc3 d6 6.O-O Nc6 7.d3 e5 8.Rb1 h6
9.b4 Be6 10.Nd2 Qd7 11.Nd5 Nh7 12.b5 Nd8 13.Ba3 f5 14.f4 c6 15.bxc6 bxc6
16.fxe5 Bxe5 17.Nf4 Bf7 18.Nf3 Bf6 19.e3 Re8 20.Qd2 Rc8 21.Bb2 Ne6 22.Nxe6 Qxe6
23.Rbe1 Bxb2 24.Qxb2 Rb8 25.Qd2 Qf6 26.Rb1 c5 27.Rb3 Rxb3 28.axb3 Rb8 29.Rb1 Qe7
30.h3 Nf6 31.Kh2 d5 32.cxd5 Bxd5 33.e4 fxe4 34.dxe4 Bxe4 35.Re1 Rb4 36.Qxh6 Qd6
37.Ng5 Rxb3 38.Qh4 Bd5 39.Bxd5+ Qxd5 40.Re8+ Nxe8 41.Qh7+ Kf8  0-1

[Event "Sevilla op"]
[Site "Sevilla"]
[Date "1999.??.??"]
[Round "4"]
[White "Candilejo, Antonio"]
[Black "Garcia Albarracin, Francisco"]
[Result "0-1"]
[WhiteElo "2065"]
[BlackElo "2340"]

1.Nf3 Nf6 2.c4 g6 3.g3 Bg7 4.Bg2 O-O 5.O-O d6 6.Nc3 e5 7.d4 Nc6 8.e4 Bg4
9.d5 Nd4 10.Qd3 Nd7 11.Na4 f5 12.Nxd4 exd4 13.f4 fxe4 14.Bxe4 a6 15.b4 Nf6
16.Bd2 Qe8  0-1

[Event "Split"]
[Site "Split"]
[Date "1999.??.??"]
[Round "2"]
[White "Juric, Slaven"]
[Black "Katavic, Borivoj"]
[Result "1-0"]
[WhiteElo "2185"]
[BlackElo "2185"]

1.Nf3 Nf6 2.c4 g6 3.g3 Bg7 4.Bg2 O-O 5.O-O d6 6.Nc3 c6 7.d3 Qa5 8.Qd2 Qc7
9.Rb1 e5 10.b3 Nbd7 11.Ba3 Re8 12.e4 a5 13.Rfc1 Nc5 14.h3 h6 15.Re1 Ne6 16.Rbc1 Bd7
17.Rcd1 Nh5 18.Ne2 c5 19.Nc3 Bc6 20.Rc1 Qe7 21.Rb1 Kh7 22.Bc1 f5 23.exf5 gxf5
24.Nd5 Bxd5 25.cxd5 Nd4 26.Nxd4 cxd4 27.Rb2 Qf7 28.Rc2 Nf6 29.Ba3 Red8 30.Rec1 Rd7
31.Rc8 Rxc8 32.Rxc8 b6 33.Rc6 Nxd5 34.Rxd6 Rxd6 35.Bxd6 Qe6 36.Bxd5 Qxd5
37.Ba3 Qf3 38.Bd6 Qc6 39.Ba3 Kg6 40.Qe2 h5 41.g4 hxg4 42.hxg4 Bh6 43.Qxe5 fxg4
44.Qxd4 Kf5 45.Qd6 Qxd6 46.Bxd6 b5 47.a4 bxa4 48.bxa4 Ke6 49.Bc7 Kd5 50.Bb6 Bf8
51.Kg2 Bc5 52.Bxc5 Kxc5 53.d4+ Kxd4 54.Kg3 Kc4 55.Kxg4 Kb4 56.f4 Kxa4 57.f5 Kb3
58.f6 a4 59.f7 a3 60.f8=Q a2 61.Qf6 Kc2 62.Qa1  1-0

[Event "Sundsvall op"]
[Site "Sundsvall"]
[Date "1999.??.??"]
[Round "1"]
[White "Rivas, Napoleon"]
[Black "Johnsson, Thomas"]
[Result "0-1"]
[WhiteElo "1680"]
[BlackElo "2170"]

1.Nf3 Nf6 2.c4 g6 3.g3 Bg7 4.Bg2 O-O 5.O-O d6 6.Nc3 Nc6 7.Rb1 e5 8.b4 Bf5
9.d3 Qd7 10.b5 Nd8 11.Re1 h6 12.a4 Bh3 13.Bh1 Re8 14.Qc2 c6 15.Ba3 d5 16.bxc6 bxc6
17.cxd5 cxd5 18.Rb5 Rc8 19.Qb3 e4 20.dxe4 dxe4 21.Nh4 e3 22.fxe3 Qd2 23.Rf1 Rxc3  0-1